| 000 | 00623nam a2200217Ia 4500 | ||
|---|---|---|---|
| 999 |
_c1287 _d1287 |
||
| 020 | _a81-85131-06-6 | ||
| 082 | _a025.5 CUR; | ||
| 245 | 0 | _aCurrent problems and trends in library and information services | |
| 260 |
_aVaranasi _bIndian Bibliographic Centre _c1990 |
||
| 300 | _a370p. | ||
| 650 | _aLibrary legislation | ||
| 650 | _aLibrary information networks | ||
| 650 | _aLibrary science | ||
| 650 | _aLibrary use studies | ||
| 650 | _aLibrary education | ||
| 650 | _aLIBRIS (Information retrieval system) | ||
| 650 | _aInformation services | ||
| 700 | _aKhan, H.A. | ||
| 700 | _aIjari, S.R. | ||
| 942 | _cBK | ||